MARC

LEADER 00000nam0a2200000 4500
001 30825
005 20231030204143.0
010 |a 5704606407 
035 |a (RuTPU)RU\TPU\book\31100 
035 |a BOOK00000031 
090 |a 30825 
100 |a 20011209d2000 m y0rusy50 ca 
101 0 |a rus 
102 |a RU 
105 |a y j 010zy 
200 1 |a Рынок электрической энергии в России: состояние и проблемы развития  |e учебное пособие для вузов  |f А. Ф. Дьяков, Б. К. Максимов, В. В. Молодюк 
210 |a Москва  |c Изд-во МЭИ  |d 2000 
215 |a 137 с. 
300 |a МЭИ - 70 лет 
320 |a Библиогр.: с. 137. 
610 1 |a электроэнергетика 
610 1 |a электрическая энергия 
610 1 |a Россия 
610 1 |a рыночная экономика 
610 1 |a акционерные общества 
610 1 |a ценные бумаги 
610 1 |a рынок 
610 1 |a мощность 
610 1 |a тарифы 
610 1 |a Великобритания 
610 1 |a США 
610 1 |a проблемы 
610 1 |a развитие 
610 1 |a учебные пособия 
675 |a 621.31:658(075.8)  |v 3 
700 1 |a Дьяков  |b А. Ф.  |g Анатолий Федорович 
701 1 |a Максимов  |b Б. К.  |g Борис Константинович 
701 1 |a Молодюк  |b В. В.  |g Виктор Владимирович 
801 0 |a RU  |b 63413507  |c 20011209  |g PSBO 
801 2 |a RU  |b 63413507  |c 20201008  |g PSBO 
900 |a Электроэнергетические сети и системы 
900 |a Менеджмент... 
942 |c BK 
951 |a 551700  |b 071600